| 000 | 00536nam a2200181 i 4500 | ||
|---|---|---|---|
| 001 | 96373 | ||
| 003 | ES-MaACL | ||
| 005 | 20230906181913.0 | ||
| 007 | t| | ||
| 008 | 050616s1970 sp ||||1| spa d | ||
| 100 | 1 |
_aMaistriaux, Robert. _975628 |
|
| 245 | 1 | 0 |
_aInteligencia y carácter / _cRobert Maistriaux; [traducción por Jorge Grau]. |
| 250 | _a[1ª ed.]. | ||
| 260 |
_aBarcelona : _bLuis Miracle, _c1970. |
||
| 300 |
_a367 p. : _bil. ; _c22 cm. |
||
| 700 | 1 |
_aGrau Solá, Jordi. _9143789 |
|
| 852 |
_aES-MaACL _jC-38499 _bR.77860 |
||
| 999 |
_c96373 _d96373 |
||